00388nam a2200145Ia 4500003000400000005001700004008004100021020001500062040000900077082001900086100002200105245006400127260004200191300000900233OSt20200625113000.0190216s9999||||xx |||||||||||||| ||und|| a5010011433 coclc a954.042bMAR/J aMartyshin, Orest  0aJawaharlal Nehru And His Political Views /cOrest Martyshin bProgress Publishers, c1989.aMoscow: a374p